| 000 | 00838 a2200193 4500 | ||
|---|---|---|---|
| 020 | _a0471491845 | ||
| 040 |
_aDLC _bDLC |
||
| 082 | 0 | 0 | _a621.3845 |
| 100 | 1 | _aGerakoulis, Diakoumis P. | |
| 245 | 1 | 0 |
_aCDMA: access and switching : for terrestrial and satellite networks _baccess and switching : for terrestrial and satellite networks _cDiakoumis Gerakoulis, Evaggelos Geraniotis. |
| 260 |
_aChichester ; _aNew York : _bJohn Wiley, _cc2001. |
||
| 300 |
_ax, 270 p. : _bill. ; _c25 cm. |
||
| 650 | 0 | _aCode division multiple access. | |
| 650 | 0 | _aArtificial satellites in telecommunication. | |
| 700 | 1 | _aGeraniotis, Evaggelos. | |
| 856 | 4 | 2 |
_3Publisher description _uhttp://www.loc.gov/catdir/description/wiley0310/00047751.html |
| 856 | 4 | 2 |
_3Table of Contents _uhttp://www.loc.gov/catdir/toc/onix05/00047751.html |
| 942 |
_cBK _k621.3845 _2ddc |
||
| 999 |
_c8380 _d8380 |
||